Music Quiz

Random Music or Kpop Quiz
Score 0/33 Timer 11:00
0 Plays Today
% Correct
Suga
98.6%
Xiumin
96.4%
Chanyeol
96.2%
Chen
96%
BamBam
94.9%
T.O.P
94.7%
Woozi
92.7%
Junior
92.1%
Amber
91.5%
N
89.7%
Onew
87.7%
I.M
75.4%
Zico
67.5%
JinJin
67.3%
Minhyuk
67.1%
B-Bomb
65.5%
Jongup
64.2%
% Correct
Sungjong
63.6%
Gongchan
60.4%
DEAN
59.8%
Aron
59.6%
Jonghyun
58%
YoungK
55%
Gikwang
52.9%
ZTAO
52.1%
Xiao
48.3%
Wei
44.8%
Seunghyun
24.6%
Seungyoun
24%
Sihyoung
20.2%
Seyong
18%
Ungjae
14.7%
Minsung
8.7%
Remove Ads.
Support Sporcle.
Get the best of Sporcle when you Go Orange. This ad-free experience offers more features, more stats, and more fun while also helping to support Sporcle. Thank you for becoming a member.

You're not logged in!

Compare scores with friends on all Sporcle quizzes.
OR
Log In

Show Comments

Extras

Created Jul 27, 2016ReportNominate
Tags:Kpop Quiz, Kpop Quiz

Top Quizzes Today


Score Distribution

Your Account Isn't Verified!

In order to create a playlist on Sporcle, you need to verify the email address you used during registration. Go to your Sporcle Settings to finish the process.

Report this User

Report this user for behavior that violates our Community Guidelines.

Details: